000
00194nam a2200097Ia 4500
008
240331s9999 xx 000 0 und d
082
_b
ALI
100
_a
Ali, M
245
0
_a
Brick lane
942
_c
L
999
_c
5376
_d
5376